The Very Ordered Existence of Merilee Marvelous / (Record no. 5287)
[ view plain ]
| 000 -LEADER | |
|---|---|
| fixed length control field | 01078nam a22002897a 4500 |
| 001 - CONTROL NUMBER | |
| control field | 5287 |
| 003 - CONTROL NUMBER IDENTIFIER | |
| control field | FISKH |
| 005 - DATE AND TIME OF LATEST TRANSACTION | |
| control field | 20241122153248.0 |
| 008 - FIXED-LENGTH DATA ELEMENTS--GENERAL INFORMATION | |
| fixed length control field | 241122b cb ||||| |||| 00| 0 eng d |
| 020 ## - INTERNATIONAL STANDARD BOOK NUMBER | |
| International Standard Book Number | 9780061231995 |
| 040 ## - CATALOGING SOURCE | |
| Original cataloging agency | FISKH |
| Language of cataloging | eng |
| Transcribing agency | FISKH |
| Modifying agency | FISKH |
| 050 ## - LIBRARY OF CONGRESS CALL NUMBER | |
| Classification number | PZ7.C88766 |
| 082 ## - DEWEY DECIMAL CLASSIFICATION NUMBER | |
| Classification number | 256 |
| 100 ## - MAIN ENTRY--PERSONAL NAME | |
| Personal name | Crowley, Suzanne |
| 245 ## - TITLE STATEMENT | |
| Title | The Very Ordered Existence of Merilee Marvelous / |
| Statement of responsibility, etc. | by Suzanne Crowley |
| 250 ## - EDITION STATEMENT | |
| Edition statement | First Greenwillow paperback edition , 2009 |
| 260 ## - PUBLICATION, DISTRIBUTION, ETC. | |
| Place of publication, distribution, etc. | New York : |
| Name of publisher, distributor, etc. | HarpersCollins Publishers ; |
| Date of publication, distribution, etc. | 2007. |
| 300 ## - PHYSICAL DESCRIPTION | |
| Extent | 380 pages : |
| Other physical details | illustrations ; |
| Dimensions | 20 cm . |
| 505 ## - FORMATTED CONTENTS NOTE | |
| Formatted contents note | S <br/> |
| 520 ## - SUMMARY, ETC. | |
| Summary, etc. | In the small town of Jumbo, Texas, thirteen-year-old Merilee, who has Asperger's Syndrome, tries to live a "Very Ordered Existence," but disruptions begin when a boy and his father arrive in town and the youngster makes himself a part of the family. |
| 521 8# - TARGET AUDIENCE NOTE | |
| Target audience note | 800 <br/> |
| Source | Lexile <br/> |
| 521 8# - TARGET AUDIENCE NOTE | |
| Target audience note | S <br/> |
| Source | Raz-Plus <br/> |
| 650 ## - SUBJECT ADDED ENTRY--TOPICAL TERM | |
| Topical term or geographic name entry element | aspergers syndrone |
| Form subdivision | fiction |
| 650 ## - SUBJECT ADDED ENTRY--TOPICAL TERM | |
| Topical term or geographic name entry element | emotional problem |
| Form subdivision | fiction |
| 942 ## - ADDED ENTRY ELEMENTS (KOHA) | |
| Source of classification or shelving scheme | Dewey Decimal Classification |
| Koha item type | Books |
| Suppress in OPAC | No |
| Withdrawn status | Lost status | Source of classification or shelving scheme | Damaged status | Not for loan | Collection | Home library | Current library | Shelving location | Date acquired | Total Checkouts | Full call number | Barcode | Date last seen | Price effective from | Koha item type |
|---|---|---|---|---|---|---|---|---|---|---|---|---|---|---|---|
| Dewey Decimal Classification | Fiction | Footprints International School Library Network Toul Kork Campus | Footprints International School Library Network Toul Kork Campus | TTP Secondary Fiction Bookshelves | 11/22/2024 | CRO 256 PZ7.C88766 | FIS00804 | 11/22/2024 | 11/22/2024 | Books |
